000 00461cam a22001577a 4500
008 180718b2000 xxu||||| |||| 00| 0 eng d
020 _a8120815424
082 _aAA F912
100 _aFriedeberger, Julie
245 _aOffice yoga: tackling tension with simple stretches you can do at your desk
_cby Julie Friedeberger
260 _aDelhi
_bMotilal Banarsidass
_c2000
300 _a155p.
650 _a(Written off)
650 _aYoga, Kriya
650 _aYoga
999 _c402494
_d402494